LIBRARY & INFORMATION CENTRE, KCAET, TAVANUR

ONLINE PUBLIC ACCESS CATALOGUE (OPAC)

Digital Fundamentals / (Record no. 10367)

MARC details
000 -LEADER
fixed length control field 00371cam a2200157ua 4500
020 ## - INTERNATIONAL STANDARD BOOK NUMBER
ISBN 8177587633
082 ## - DEWEY DECIMAL CLASSIFICATION NUMBER
Classification number 621.381
Item number FLO/DI
100 ## - MAIN ENTRY--AUTHOR NAME
Personal name Floyd, Thomas L .
100 ## - MAIN ENTRY--AUTHOR NAME
Personal name Jain, R.P.
245 ## - TITLE STATEMENT
Title Digital Fundamentals /
250 ## - EDITION STATEMENT
Edition statement 3 / 8
260 ## - PUBLICATION, DISTRIBUTION, ETC. (IMPRINT)
Place of publication New Delhi :
Name of publisher Pearson Education
Year of publication 2008
300 ## - PHYSICAL DESCRIPTION
Number of Pages 690 ; 582
500 ## - GENERAL NOTE
General note *CSS
942 ## - ADDED ENTRY ELEMENTS (KOHA)
Koha item type Books
Holdings
Withdrawn status Lost status Damaged status Home library Current library Shelving location Date acquired Source of acquisition Cost, normal purchase price Full call number Accession Number Koha item type Collection code
      KAUAET KAUAET Scheme 07/04/2012 Penta Books. 350.00 621.381 FLO/DI BB 89 Book Bank scheme for SC students  
      KAUAET KAUAET Scheme 03/09/2016 Penta Books. 350.00 621.381 FLO/DI BB 88 Book Bank scheme for SC students  
      KAUAET KAUAET Scheme 04/09/2018     621.381 FLO/DI 20466 Books  
      KAUAET KAUAET Scheme 04/09/2018     621.381 FLO/DI 20475 Book Bank scheme for SC students  
free website counter